000 01055 a2200241 4500
005 20080910150318.0
008 080910t xxu||||| |||| 00| 0 hin d
010 _aHIN-79493
020 _a8181661184
_c125.00
035 _aHN-51839
037 _bD.B.Act / pub
082 _a821
100 _aगौड़, नरेंद्र
245 _aइतनी तो है जगह
_cनरेंद्र गौड़
246 _aItni to hai Jagha
_bby Narendra Gaur
260 _aदिल्ली
_bमेधा बुक्स
_c2006
270 _aएक्स-11, नवीन शाहदरा
_bदिल्ली
_e110032
_k22323672
_mmedhabooks@rediffmail.com
300 _a107पृ
_c22 सेमी (सजिल्द)
650 _aहिन्दी कविताएँ
650 _aHindi Poeam
942 _adpl
_cHN
_k821 / गौड़न
_2ddc
_h821
_mगौड़न
999 _c2853
_d2853